[Event "13. Open del Sants 2011"]
[Site "Barcelona ESP"]
[Date "2011.08.25"]
[Round "7.10"]
[White "Smeets, Jan"]
[Black "Asis Gargatagli, Hipolit"]
[Result "1-0"]
[WhiteElo "2628"]
[BlackElo "2431"]
[PlyCount "87"]
[EventDate "2011.08.19"]
[EventType "swiss"]
[EventRounds "10"]
[EventCountry "ESP"]
[Source "lmi"]
[SourceDate "2011.08.19"]

1. e4 c5 2. Nf3 d6 3. d4 cxd4 4. Nxd4 Nf6 5. Nc3 a6 6. Be3 e5 7. Nb3 Be6 8. f3
h5 9. Nd5 Bxd5 10. exd5 Nbd7 11. Be2 g6 12. Qd2 Qc7 13. Na5 Ng8 14. Qb4 Ne7 15.
O-O-O Rc8 16. c3 b5 17. Kb1 Nf5 18. Bc1 Bh6 19. Bxh6 Rxh6 20. c4 Nd4 21. Rhe1
Kf8 22. Nc6 Nxe2 23. Rxe2 bxc4 24. Qxc4 Qb7 25. f4 Kg7 26. fxe5 Nxe5 27. Qf4
Nxc6 28. dxc6 Qxc6 29. Rxd6 Qc7 30. Rf2 a5 31. a4 Rh7 32. Qd4+ Kg8 33. h4 Rg7
34. Qd2 Kh7 35. Rf4 Qc5 36. Rd5 Qg1+ 37. Ka2 Rc1 38. Rfd4 Ra1+ 39. Kb3 Qb1 40.
Rd8 Qa2+ 41. Kc3 g5 42. hxg5 Rg6 43. Rc4 Qb1 44. Qd4 1-0

[Event "13. Open del Sants 2011"]
[Site "Barcelona ESP"]
[Date "2011.08.25"]
[Round "7.11"]
[White "Matnadze, Ana"]
[Black "Adhiban, B."]
[Result "1/2-1/2"]
[WhiteElo "2428"]
[BlackElo "2542"]
[PlyCount "44"]
[EventDate "2011.08.19"]
[EventType "swiss"]
[EventRounds "10"]
[EventCountry "ESP"]
[Source "lmi"]
[SourceDate "2011.08.19"]

1. d4 Nf6 2. Nf3 c5 3. dxc5 e6 4. e3 Bxc5 5. c4 O-O 6. Be2 Nc6 7. O-O b6 8. a3
Bb7 9. b4 Be7 10. Bb2 a5 11. b5 Nb8 12. Nd4 Ne4 13. Bf3 Ra7 14. Qc2 Nc5 15. Nd2
Qc8 16. Rac1 Bxf3 17. N2xf3 Rc7 18. Nb3 Na4 19. Be5 d6 20. Bd4 e5 21. Nbd2 exd4
22. exd4 Nc5 1/2-1/2

[Event "13. Open del Sants 2011"]
[Site "Barcelona ESP"]
[Date "2011.08.25"]
[Round "7.12"]
[White "Handke, Florian"]
[Black "Broekmeulen, Jasper"]
[Result "1-0"]
[WhiteElo "2518"]
[BlackElo "2388"]
[PlyCount "33"]
[EventDate "2011.08.19"]
[EventType "swiss"]
[EventRounds "10"]
[EventCountry "ESP"]
[Source "lmi"]
[SourceDate "2011.08.19"]

1. e4 d6 2. d4 Nf6 3. Bd3 e5 4. c3 d5 5. dxe5 Nxe4 6. Nf3 Nc6 7. Nbd2 Nc5 8.
Bb5 Bd7 9. O-O a6 10. Bxc6 Bxc6 11. Nb3 Bb5 12. Bg5 Be7 13. Nxc5 Bxf1 14. Nxb7
Qc8 15. Qxd5 Bxg5 16. Nxg5 O-O 17. Qe4 1-0

[Event "13. Open del Sants 2011"]
[Site "Barcelona ESP"]
[Date "2011.08.25"]
[Round "7.13"]
[White "Rios, Cristhian Camilo"]
[Black "Gonzalez Vidal, Yuri"]
[Result "1-0"]
[WhiteElo "2424"]
[BlackElo "2503"]
[PlyCount "83"]
[EventDate "2011.08.19"]
[EventType "swiss"]
[EventRounds "10"]
[EventCountry "ESP"]
[Source "lmi"]
[SourceDate "2011.08.19"]

1. d4 Nf6 2. c4 e6 3. Nc3 Bb4 4. e3 O-O 5. Nf3 d5 6. Be2 c5 7. O-O cxd4 8. exd4
dxc4 9. Bxc4 Nbd7 10. Qe2 Bxc3 11. bxc3 Qa5 12. Rb1 Nb6 13. Bd3 Qxc3 14. Bf4
Qa3 15. Rb3 Qe7 16. Bg5 h6 17. Bh4 Nbd5 18. Bb1 b6 19. Ne5 Bb7 20. Rg3 Rfc8 21.
Qd2 Kf8 22. Bg6 Qb4 23. Qxb4+ Nxb4 24. Nxf7 Ba6 25. Re1 Bd3 26. Bxf6 gxf6 27.
Nxh6 Nc2 28. Rd1 Bxg6 29. Rxg6 Nxd4 30. Rg8+ Ke7 31. Rg7+ Kf8 32. Rf7+ Ke8 33.
Rxf6 Rd8 34. Kf1 Rac8 35. g4 Rc5 36. h4 Rcd5 37. g5 R8d7 38. Ng4 Ke7 39. g6 Nf5
40. Rf7+ Kd8 41. Rxd5 Rxd5 42. Rxf5 1-0

[Event "13. Open del Sants 2011"]
[Site "Barcelona ESP"]
[Date "2011.08.25"]
[Round "7.14"]
[White "Larino Nieto, David"]
[Black "Mirzoev, Azer"]
[Result "0-1"]
[WhiteElo "2495"]
[BlackElo "2415"]
[PlyCount "56"]
[EventDate "2011.08.19"]
[EventType "swiss"]
[EventRounds "10"]
[EventCountry "ESP"]
[Source "lmi"]
[SourceDate "2011.08.19"]

1. e4 e5 2. Nf3 Nc6 3. Bb5 a6 4. Bxc6 dxc6 5. O-O Qe7 6. b3 Bg4 7. h3 Bh5 8.
Bb2 f6 9. d3 O-O-O 10. Nbd2 Nh6 11. Qe2 g5 12. g4 Bg6 13. Nc4 Nf7 14. Ne3 h5
15. Nf5 Qe8 16. Qe3 Kb8 17. Kg2 Rd7 18. d4 hxg4 19. hxg4 Bxf5 20. exf5 e4 21.
Nd2 Rh4 22. Nxe4 Re7 23. f3 Rxg4+ 24. fxg4 Rxe4 25. Qh3 Nh6 26. Bc3 Rxg4+ 27.
Kf2 Qe4 28. Bd2 Rh4 0-1

[Event "13. Open del Sants 2011"]
[Site "Barcelona ESP"]
[Date "2011.08.25"]
[Round "7.15"]
[White "Lorenzo De La Riva, Lazaro"]
[Black "Lalith, Babu M R"]
[Result "0-1"]
[WhiteElo "2391"]
[BlackElo "2495"]
[PlyCount "80"]
[EventDate "2011.08.19"]
[EventType "swiss"]
[EventRounds "10"]
[EventCountry "ESP"]
[Source "lmi"]
[SourceDate "2011.08.19"]

1. e4 c6 2. d4 d5 3. e5 Bf5 4. h4 h5 5. c4 e6 6. Nc3 Ne7 7. Nge2 Bg4 8. Bg5 Qb6
9. f3 Bf5 10. Qd2 Nd7 11. Rc1 dxc4 12. Ng3 Bg6 13. Nge4 Bxe4 14. Nxe4 Nd5 15.
Bxc4 Bb4 16. Nc3 O-O 17. Bxd5 exd5 18. a3 Bxc3 19. Rxc3 Rae8 20. Be3 c5 21.
dxc5 Qe6 22. O-O Nxe5 23. Bd4 Nc6 24. b4 a6 25. Re3 Qf5 26. Rxe8 Rxe8 27. Bf2
d4 28. Rd1 Rd8 29. Qd3 Qxd3 30. Rxd3 f6 31. Bg3 Kf7 32. Bd6 Ke6 33. Rd1 Kd5 34.
Kf2 Re8 35. Bf4 Kc4 36. Rd2 Ne5 37. Kg3 Nd3 38. Bd6 Kc3 39. Ra2 Nc1 40. Rf2 d3
0-1

[Event "13. Open del Sants 2011"]
[Site "Barcelona ESP"]
[Date "2011.08.25"]
[Round "7.16"]
[White "Pardo Simon, David"]
[Black "Delgado Ramos, Hector"]
[Result "0-1"]
[WhiteElo "2388"]
[BlackElo "2488"]
[PlyCount "68"]
[EventDate "2011.08.19"]
[EventType "swiss"]
[EventRounds "10"]
[EventCountry "ESP"]
[Source "lmi"]
[SourceDate "2011.08.19"]

1. e4 e6 2. d4 d5 3. Bd3 dxe4 4. Bxe4 Nf6 5. Bf3 Nbd7 6. Ne2 e5 7. Nbc3 Bd6 8.
d5 O-O 9. Ng3 Bb4 10. O-O Bxc3 11. bxc3 Ne8 12. Ba3 Nd6 13. c4 Qh4 14. Bg4 b6
15. Nf5 Qf6 16. Ne3 Qg6 17. Bxd7 Bxd7 18. c5 bxc5 19. Bxc5 Bb5 20. Re1 f5 21.
Nf1 Rae8 22. Nd2 f4 23. f3 Rf5 24. Ne4 Rh5 25. Qb1 Nxe4 26. Rxe4 Bd7 27. Kh1
Bf5 28. Re2 e4 29. fxe4 Qg3 30. Qg1 f3 31. Bf2 Qg4 32. Re3 fxg2+ 33. Qxg2 Bxe4
34. Rxe4 Qxe4 0-1

[Event "13. Open del Sants 2011"]
[Site "Barcelona ESP"]
[Date "2011.08.25"]
[Round "7.17"]
[White "Gullaksen, Eirik"]
[Black "Karlsson, Lars"]
[Result "1-0"]
[WhiteElo "2376"]
[BlackElo "2482"]
[PlyCount "57"]
[EventDate "2011.08.19"]
[EventType "swiss"]
[EventRounds "10"]
[EventCountry "ESP"]
[Source "lmi"]
[SourceDate "2011.08.19"]

1. e4 c5 2. Nf3 Nc6 3. d4 cxd4 4. Nxd4 Nf6 5. Nc3 e5 6. Ndb5 h6 7. Be3 d6 8. a4
Be7 9. Nd5 Nxd5 10. exd5 Nb8 11. a5 O-O 12. Bxa7 Rxa7 13. Nxa7 e4 14. Nxc8 Qxc8
15. Ra4 f5 16. Be2 Bf6 17. c3 Nd7 18. a6 bxa6 19. Rxa6 f4 20. Rxd6 f3 21. gxf3
exf3 22. Bxf3 Bxc3+ 23. bxc3 Qxc3+ 24. Kf1 Ne5 25. Rg1 Nxf3 26. Rg3 Nxh2+ 27.
Kg2 Qc5 28. Rxg7+ Kh8 29. Qa1 1-0

[Event "13. Open del Sants 2011"]
[Site "Barcelona ESP"]
[Date "2011.08.25"]
[Round "7.19"]
[White "Anton Guijarro, David"]
[Black "Robin, Samy"]
[Result "1-0"]
[WhiteElo "2473"]
[BlackElo "2306"]
[PlyCount "87"]
[EventDate "2011.08.19"]
[EventType "swiss"]
[EventRounds "10"]
[EventCountry "ESP"]
[Source "lmi"]
[SourceDate "2011.08.19"]

1. d4 Nf6 2. Nf3 g6 3. c4 Bg7 4. Nc3 d6 5. e4 O-O 6. Be2 e5 7. Be3 Ng4 8. Bg5
f6 9. Bh4 g5 10. Bg3 f5 11. exf5 Nc6 12. O-O exd4 13. Nb5 Nh6 14. Nfxd4 Nxf5
15. Nxf5 Bxf5 16. c5 a6 17. Nc3 dxc5 18. Qb3+ Kh8 19. Qxb7 Nd4 20. Bxa6 Rb8 21.
Qxc7 Qxc7 22. Bxc7 Rxb2 23. Rac1 Nc2 24. Na4 Rxa2 25. Nxc5 Rb2 26. Nd3 Rb3 27.
Rxc2 Bxd3 28. Bxd3 Rxd3 29. Bb6 Rd7 30. Be3 h6 31. Rc4 Kh7 32. h4 Kg6 33. Rb1
Be5 34. g3 Rf5 35. h5+ Kh7 36. Rb5 Rd1+ 37. Kg2 g4 38. Rcc5 Rxh5 39. Rxe5 Rhh1
40. Re7+ Kg6 41. Rb6+ Kf5 42. Rf7+ Ke5 43. f4+ Ke4 44. Re6+ 1-0

[Event "13. Open del Sants 2011"]
[Site "Barcelona ESP"]
[Date "2011.08.25"]
[Round "7.20"]
[White "Peek, Marcel"]
[Black "Burg, Twan"]
[Result "1-0"]
[WhiteElo "2338"]
[BlackElo "2450"]
[PlyCount "63"]
[EventDate "2011.08.19"]
[EventType "swiss"]
[EventRounds "10"]
[EventCountry "ESP"]
[Source "lmi"]
[SourceDate "2011.08.19"]

1. d4 d5 2. c4 c6 3. Nf3 Nf6 4. Nc3 dxc4 5. a4 Bf5 6. Ne5 Nbd7 7. Nxc4 Qc7 8.
g3 e5 9. dxe5 Nxe5 10. Bf4 Nfd7 11. Bg2 g5 12. Ne3 gxf4 13. Nxf5 O-O-O 14. Qc2
Kb8 15. O-O fxg3 16. hxg3 h5 17. Rfc1 Ng4 18. Nb5 Qb6 19. Nbd4 a5 20. e3 Bc5
21. Ra3 Bb4 22. Rd3 Nc5 23. Rdd1 Ka7 24. Ne7 Rh6 25. Qf5 Rf6 26. Nc8+ Rxc8 27.
Qxc8 Nxf2 28. Bxc6 bxc6 29. Rxc5 Qxc5 30. Nb5+ Kb6 31. Qb8+ Ka6 32. Nc7# 1-0

[Event "13. Open del Sants 2011"]
[Site "Barcelona ESP"]
[Date "2011.08.26"]
[Round "8.1"]
[White "Sadler, Matthew D"]
[Black "Kovalyov, Anton"]
[Result "1/2-1/2"]
[WhiteElo "2625"]
[BlackElo "2612"]
[PlyCount "88"]
[EventDate "2011.08.19"]
[EventType "swiss"]
[EventRounds "10"]
[EventCountry "ESP"]
[Source "lmi"]
[SourceDate "2011.08.19"]

1. d4 Nf6 2. c4 e6 3. Nc3 Bb4 4. e3 b6 5. Bd3 Bb7 6. Nf3 c5 7. O-O O-O 8. Na4
cxd4 9. exd4 Re8 10. a3 Bf8 11. b4 a5 12. b5 d6 13. Re1 Nbd7 14. Bg5 h6 15. Bh4
Be7 16. Nd2 Rc8 17. Bf1 d5 18. Bg3 dxc4 19. Nxc4 Ne4 20. Bf4 Bd5 21. Rc1 Bg5
22. Bxg5 Nxg5 23. Ne5 Nxe5 24. dxe5 Rxc1 25. Qxc1 Bb3 26. Nc3 Qd4 27. Qe3 Rd8
28. f4 Nh7 29. Ne4 a4 30. Nd6 Qxe3+ 31. Rxe3 Nf8 32. Rc3 f6 33. Nc8 fxe5 34.
fxe5 Nd7 35. Ne7+ Kf7 36. Nc6 Rg8 37. g3 g5 38. Kf2 g4 39. Rd3 Ke8 40. Rd6 Rg5
41. Bd3 Bd5 42. Bc2 Bb3 43. Bd3 Bd5 44. Bc2 Bb3 1/2-1/2

[Event "13. Open del Sants 2011"]
[Site "Barcelona ESP"]
[Date "2011.08.26"]
[Round "8.2"]
[White "Iturrizaga, Eduardo"]
[Black "Aroshidze, Levan"]
[Result "1-0"]
[WhiteElo "2603"]
[BlackElo "2539"]
[PlyCount "151"]
[EventDate "2011.08.19"]
[EventType "swiss"]
[EventRounds "10"]
[EventCountry "ESP"]
[Source "lmi"]
[SourceDate "2011.08.19"]

1. Nf3 c5 2. c4 Nf6 3. g3 b6 4. Bg2 Bb7 5. O-O e6 6. Nc3 Be7 7. d4 cxd4 8. Qxd4
d6 9. Rd1 a6 10. Bg5 Nbd7 11. Qd2 O-O 12. Bf4 Ne8 13. Rac1 Qc7 14. Qe3 e5 15.
Bh3 Rd8 16. Nd5 Bxd5 17. cxd5 Qb7 18. Bg5 f6 19. Nd4 fxg5 20. Nc6 Bf6 21. Nxd8
Bxd8 22. Qc3 Ndf6 23. Qc8 Qe7 24. Qe6+ Kh8 25. Rc8 Ne4 26. Qxe7 Bxe7 27. f3
N4f6 28. Be6 h5 29. Rdc1 Nh7 30. e4 g4 31. fxg4 hxg4 32. Rf1 Nef6 33. Rc7 Bd8
34. Rc6 Re8 35. Bf5 Ng5 36. Bg6 Rf8 37. Kg2 Nf3 38. Rfc1 Ng8 39. Rxd6 Bg5 40.
Rf1 Be3 41. Re6 Nf6 42. h3 Ng5 43. hxg4 Nxe6 44. dxe6 Kg8 45. e7 Rc8 46. Rd1
Bd4 47. g5 Ne8 48. Rf1 Nd6 49. b3 a5 50. Kh3 Bc5 51. Kg4 Ba3 52. Rf3 Bb4 53.
Rf2 Ba3 54. Rf1 Bb4 55. Rd1 Ba3 56. Rd5 Rb8 57. Rd1 Bc5 58. Rd5 Bb4 59. Rxe5
Ne8 60. Rf5 Bxe7 61. Bf7+ Kf8 62. Bc4+ Nf6+ 63. Kf4 Ke8 64. Bb5+ Kf7 65. e5 Rd8
66. gxf6 gxf6 67. Ke4 Kg6 68. e6 Rd4+ 69. Kxd4 Kxf5 70. Kd5 Bc5 71. Bd3+ Kg5
72. Kc6 f5 73. Kd7 Kf6 74. Bxf5 b5 75. g4 Ba3 76. Bd3 1-0

[Event "13. Open del Sants 2011"]
[Site "Barcelona ESP"]
[Date "2011.08.26"]
[Round "8.3"]
[White "Jimenez Fraga, Pedro Alejandro"]
[Black "Alvarez Pedraza, Aramis"]
[Result "1/2-1/2"]
[WhiteElo "2464"]
[BlackElo "2551"]
[PlyCount "26"]
[EventDate "2011.08.19"]
[EventType "swiss"]
[EventRounds "10"]
[EventCountry "ESP"]
[Source "lmi"]
[SourceDate "2011.08.19"]

1. d4 d5 2. Nf3 Nf6 3. Bf4 Bf5 4. c4 c6 5. Nbd2 e6 6. e3 Be7 7. Qb3 Qc8 8. Bd3
Bxd3 9. Qxd3 O-O 10. O-O Nbd7 11. e4 dxe4 12. Nxe4 Nxe4 13. Qxe4 Nf6 1/2-1/2

[Event "13. Open del Sants 2011"]
[Site "Barcelona ESP"]
[Date "2011.08.26"]
[Round "8.4"]
[White "Narciso Dublan, Marc"]
[Black "Kunte, Abhijit"]
[Result "1/2-1/2"]
[WhiteElo "2544"]
[BlackElo "2528"]
[PlyCount "136"]
[EventDate "2011.08.19"]
[EventType "swiss"]
[EventRounds "10"]
[EventCountry "ESP"]
[Source "lmi"]
[SourceDate "2011.08.19"]

1. d4 Nf6 2. c4 e6 3. Nc3 Bb4 4. Qc2 O-O 5. a3 Bxc3+ 6. Qxc3 d6 7. Nf3 b6 8.
Bg5 Nbd7 9. Nd2 Bb7 10. f3 c5 11. e4 Re8 12. Bd3 cxd4 13. Qxd4 Nc5 14. Bc2 e5
15. Qf2 Ne6 16. Be3 Rc8 17. O-O Nd7 18. Rfd1 Qe7 19. a4 a5 20. b3 Ndc5 21. Nb1
Bc6 22. Nc3 Red8 23. Rd2 Ra8 24. Rad1 Rac8 25. Qg3 Rc7 26. Qg4 Rcd7 27. h4 Kh8
28. Nd5 Bxd5 29. exd5 Nf8 30. h5 Rc7 31. Kf2 Re8 32. Re2 h6 33. Ke1 Qd7 34.
Qxd7 Nfxd7 35. Kd2 Nf6 36. Rh1 Rce7 37. Rh4 Kg8 38. Bg1 Nh7 39. Kc3 Nf6 40. Rh3
Rc7 41. Kb2 Rce7 42. Bh2 Nh7 43. Bg3 Ng5 44. Rh1 f6 45. Kc3 Nf7 46. Rb1 Na6 47.
Bf2 Rb8 48. Rbe1 Kf8 49. Bg6 Rc7 50. Kb2 Nc5 51. Ka3 Re7 52. Be3 Rc7 53. Bd2
Ra8 54. g3 Re7 55. f4 Rae8 56. Re3 Na6 57. R1e2 Nc5 58. Be1 Na6 59. Bf2 Nc5 60.
Re1 Na6 61. R3e2 Nc5 62. Bg1 Ra8 63. Rd1 Rae8 64. Rde1 Ra8 65. Rb1 Rea7 66. Bc2
Rc7 67. Bg6 Rca7 68. Bc2 Rc7 1/2-1/2

[Event "13. Open del Sants 2011"]
[Site "Barcelona ESP"]
[Date "2011.08.26"]
[Round "8.6"]
[White "Arribas Lopez, Angel"]
[Black "Cordova, Emilio"]
[Result "0-1"]
[WhiteElo "2443"]
[BlackElo "2567"]
[PlyCount "76"]
[EventDate "2011.08.19"]
[EventType "swiss"]
[EventRounds "10"]
[EventCountry "ESP"]
[Source "lmi"]
[SourceDate "2011.08.19"]

1. d4 Nf6 2. Nf3 b6 3. e3 Bb7 4. Bd3 g6 5. c4 Bg7 6. Nc3 d6 7. O-O Nbd7 8. e4
O-O 9. h3 e5 10. d5 Nh5 11. Re1 Nc5 12. Bf1 a5 13. Rb1 Bc8 14. Be3 f5 15. Bxc5
bxc5 16. exf5 Bxf5 17. Ne4 Nf4 18. Rc1 Rb8 19. b3 Bd7 20. Kh2 Bh6 21. Rc3 Nh5
22. g3 Ng7 23. h4 Nf5 24. Bh3 Bg7 25. Kg2 Qc8 26. Rh1 h6 27. h5 g5 28. Qd2 Kh8
29. Nfxg5 hxg5 30. h6 Bf6 31. Rf3 Nd4 32. Rxf6 Bxh3+ 33. Rxh3 Rxf6 34. Nxf6 Qf5
35. Nh5 g4 36. Rh2 Qe4+ 37. f3 Nxf3 38. Qf2 Rf8 0-1

[Event "13. Open del Sants 2011"]
[Site "Barcelona ESP"]
[Date "2011.08.26"]
[Round "8.8"]
[White "Pulvett, Daniel"]
[Black "Handke, Florian"]
[Result "0-1"]
[WhiteElo "2303"]
[BlackElo "2518"]
[PlyCount "126"]
[EventDate "2011.08.19"]
[EventType "swiss"]
[EventRounds "10"]
[EventCountry "ESP"]
[Source "lmi"]
[SourceDate "2011.08.19"]

1. d4 d5 2. c4 c6 3. Nf3 Nf6 4. Nc3 a6 5. a4 e6 6. e3 Bb4 7. Bd2 Nbd7 8. Bd3
O-O 9. O-O a5 10. Qe2 Qe7 11. e4 dxc4 12. Bxc4 e5 13. Nxe5 Nxe5 14. dxe5 Ng4
15. Kh1 Nxe5 16. Bb3 b6 17. Qe3 Ba6 18. Rfd1 Qh4 19. Be1 Bc5 20. Qg3 Qxg3 21.
hxg3 Rad8 22. Bc2 Bd3 23. Rd2 Rd6 24. Bxd3 Nxd3 25. Kg1 Rfd8 26. Kf1 Kf8 27.
Ke2 Ke7 28. Rad1 Nxe1 29. Rxd6 Rxd6 30. Rxe1 Rd4 31. Rb1 h5 32. f3 Bb4 33. Ke3
Bc5 34. Ke2 Bb4 35. Ke3 Rd6 36. Rh1 g6 37. Rc1 Bc5+ 38. Ke2 Rd4 39. b3 Bd6 40.
Ke3 Bc5 41. Ke2 Ke6 42. Nd1 Rb4 43. Rb1 Bd4 44. Kd3 c5 45. Nc3 Bxc3 46. Kxc3 c4
47. Rb2 Ke5 48. f4+ Kxe4 49. Re2+ Kd5 50. Re5+ Kd6 51. bxc4 Rxa4 52. Rb5 Kc6
53. Rg5 Rb4 54. f5 b5 55. fxg6 Rxc4+ 56. Kb2 fxg6 57. Rxg6+ Kc5 58. Rg5+ Kb4
59. Rxh5 Rd4 60. Rh4 Kc4 61. Ka3 Kc3 62. Rf4 b4+ 63. Ka4 Rxf4 0-1

[Event "13. Open del Sants 2011"]
[Site "Barcelona ESP"]
[Date "2011.08.26"]
[Round "8.9"]
[White "Lalith, Babu M R"]
[Black "Gullaksen, Eirik"]
[Result "1-0"]
[WhiteElo "2495"]
[BlackElo "2376"]
[PlyCount "63"]
[EventDate "2011.08.19"]
[EventType "swiss"]
[EventRounds "10"]
[EventCountry "ESP"]
[Source "lmi"]
[SourceDate "2011.08.19"]

1. d4 Nf6 2. c4 g6 3. Nc3 Bg7 4. e4 d6 5. Be2 O-O 6. Bg5 Na6 7. f4 c6 8. Qd2
Nc7 9. Bf3 Ne6 10. Bh4 c5 11. dxc5 Nxc5 12. Rd1 Be6 13. b3 Qa5 14. Nge2 Qb4 15.
O-O a5 16. Nd4 Rfe8 17. Kh1 Bd7 18. Nc2 Qb6 19. e5 dxe5 20. fxe5 Ng4 21. Nd5
Qa7 22. Nxe7+ Kh8 23. Bxg4 Bxg4 24. Rde1 Be6 25. Nd4 Rad8 26. Bf6 Rxe7 27. Bxe7
Nxb3 28. axb3 Qxd4 29. Qxa5 b6 30. Qa1 Qxa1 31. Rxa1 Re8 32. Bf6 1-0

[Event "13. Open del Sants 2011"]
[Site "Barcelona ESP"]
[Date "2011.08.26"]
[Round "8.10"]
[White "Delgado Ramos, Hector"]
[Black "Peek, Marcel"]
[Result "1-0"]
[WhiteElo "2488"]
[BlackElo "2338"]
[PlyCount "101"]
[EventDate "2011.08.19"]
[EventType "swiss"]
[EventRounds "10"]
[EventCountry "ESP"]
[Source "lmi"]
[SourceDate "2011.08.19"]

1. d4 Nf6 2. c4 g6 3. Nc3 d5 4. Nf3 Bg7 5. Bg5 Ne4 6. Bh4 Nxc3 7. bxc3 c5 8.
cxd5 Qxd5 9. e3 Nc6 10. Be2 O-O 11. O-O b6 12. Nd2 Bb7 13. c4 Qd7 14. d5 Na5
15. e4 e6 16. Nb3 Nxb3 17. Qxb3 Bxa1 18. Rxa1 f6 19. f4 Rae8 20. Bf3 g5 21.
fxg5 fxg5 22. Bg3 Qg7 23. e5 Qg6 24. Re1 h5 25. h3 g4 26. Be4 Qg5 27. h4 Qh6
28. Kh2 Re7 29. Qa4 Ref7 30. Qc2 Rf1 31. Qe2 Rxe1 32. Qxe1 b5 33. cxb5 Qg7 34.
d6 Qd7 35. Bxb7 Qxb7 36. Qc1 Kh7 37. Qxc5 Rc8 38. Qf2 Kg8 39. Qf6 Qf7 40. d7
Qxd7 41. Qg6+ Kf8 42. Qxh5 Rc4 43. Bf4 Qe8 44. Qxg4 Kf7 45. Qh5+ Ke7 46. Bg5+
Kd7 47. Qh7+ Kc8 48. Qxa7 Qxb5 49. Qa8+ Kc7 50. Qd8+ Kb7 51. Qe7+ 1-0

[Event "13. Open del Sants 2011"]
[Site "Barcelona ESP"]
[Date "2011.08.26"]
[Round "8.11"]
[White "Mirzoev, Azer"]
[Black "Anton Guijarro, David"]
[Result "1-0"]
[WhiteElo "2415"]
[BlackElo "2473"]
[PlyCount "175"]
[EventDate "2011.08.19"]
[EventType "swiss"]
[EventRounds "10"]
[EventCountry "ESP"]
[Source "lmi"]
[SourceDate "2011.08.19"]

1. d4 Nf6 2. Nf3 g6 3. g3 Bg7 4. Bg2 O-O 5. O-O d6 6. b3 a5 7. Bb2 a4 8. b4 c5
9. dxc5 dxc5 10. bxc5 Qc7 11. Na3 Qxc5 12. Qd4 Qh5 13. Qe5 Ra5 14. Qxh5 Rxh5
15. Rfd1 Nc6 16. c4 Rc5 17. Ne1 Bg4 18. Nd3 Ra5 19. Kf1 e5 20. h3 e4 21. Nf4
Bc8 22. Rab1 e3 23. Nd5 Nxd5 24. Bxg7 Kxg7 25. cxd5 Ne5 26. f4 Nd7 27. Nc4 Rc5
28. Rdc1 Re8 29. a3 b6 30. Nd6 Rd8 31. Rxc5 bxc5 32. Nc4 Re8 33. Nb2 Nb6 34.
Rc1 Ba6 35. Bf3 Rb8 36. Kg2 Nd7 37. Nxa4 Rb5 38. Rc3 Ra5 39. Nb2 c4 40. Nd1 Rc5
41. Rxe3 Nb6 42. Kf2 Bc8 43. g4 Nxd5 44. Re5 c3 45. Nxc3 Rxc3 46. Bxd5 Kf8 47.
Re3 Rc5 48. Bf3 Rc4 49. Kg3 Rc2 50. h4 h6 51. h5 gxh5 52. gxh5 Ba6 53. Kf2 Bc4
54. Re5 Bb3 55. Rb5 Be6 56. f5 Bd7 57. Rb6 Bxf5 58. Rxh6 Be6 59. Rh8+ Kg7 60.
Ra8 Rc5 61. Rd8 Ra5 62. Rd3 Kh6 63. Rc3 Kg5 64. Ke3 Ra4 65. Kd2 f5 66. Kc2 Bf7
67. Kb2 Bxh5 68. Kb3 Bxf3 69. exf3 Ra8 70. Rc4 f4 71. a4 Rf8 72. a5 Kh4 73. Rc3
Kg3 74. Kb4 Rb8+ 75. Ka4 Ra8 76. Ra3 Kf2 77. Kb5 Rb8+ 78. Kc4 Rc8+ 79. Kd4 Rd8+
80. Ke4 Kg3 81. a6 Re8+ 82. Kd4 Rc8 83. a7 Ra8 84. Kc5 Rc8+ 85. Kb6 Rh8 86. Rc3
Rh6+ 87. Kb7 Rh7+ 88. Kb8 1-0

[Event "13. Open del Sants 2011"]
[Site "Barcelona ESP"]
[Date "2011.08.26"]
[Round "8.13"]
[White "Swiercz, Dariusz"]
[Black "Matnadze, Ana"]
[Result "1-0"]
[WhiteElo "2553"]
[BlackElo "2428"]
[PlyCount "81"]
[EventDate "2011.08.19"]
[EventType "swiss"]
[EventRounds "10"]
[EventCountry "ESP"]
[Source "lmi"]
[SourceDate "2011.08.19"]

1. d4 Nf6 2. c4 e6 3. Nc3 Bb4 4. e3 Nc6 5. Nge2 d5 6. a3 Be7 7. cxd5 exd5 8. g3
h5 9. Bg2 Na5 10. h3 c6 11. f3 Qb6 12. b4 Nc4 13. e4 h4 14. g4 dxe4 15. fxe4
Nxg4 16. hxg4 Bxg4 17. Qd3 Qa6 18. b5 cxb5 19. Nd5 Bd8 20. O-O h3 21. Bf3 Bd7
22. Kh1 Rc8 23. Bf4 Qa5 24. Rg1 g6 25. Nec3 Qa6 26. Qe2 Qe6 27. Bg4 Qc6 28. Nb4
Bxg4 29. Qxg4 Qd7 30. Nxb5 Rh4 31. Qxd7+ Kxd7 32. Nd5 Nb6 33. Nxb6+ Bxb6 34.
Rgf1 Rc2 35. Rab1 f6 36. Nxa7 Bxa7 37. Rxb7+ Kc8 38. Rxa7 g5 39. Bxg5 Rxe4 40.
Bxf6 Ree2 41. Be5 1-0

[Event "13. Open del Sants 2011"]
[Site "Barcelona ESP"]
[Date "2011.08.26"]
[Round "8.14"]
[White "Bergez, Luc"]
[Black "Marin, Mihail"]
[Result "1/2-1/2"]
[WhiteElo "2416"]
[BlackElo "2548"]
[PlyCount "25"]
[EventDate "2011.08.19"]
[EventType "swiss"]
[EventRounds "10"]
[EventCountry "ESP"]
[Source "lmi"]
[SourceDate "2011.08.19"]

1. e4 c6 2. d4 d5 3. exd5 cxd5 4. Bd3 Nc6 5. c3 Nf6 6. Bf4 g6 7. h3 Bg7 8. Nf3
O-O 9. O-O Bf5 10. Bxf5 gxf5 11. Ne5 e6 12. Nxc6 bxc6 13. Nd2 1/2-1/2

[Event "13. Open del Sants 2011"]
[Site "Barcelona ESP"]
[Date "2011.08.26"]
[Round "8.15"]
[White "Panelo, Marcelo"]
[Black "Cuartas, Jaime Alexander"]
[Result "1/2-1/2"]
[WhiteElo "2413"]
[BlackElo "2542"]
[PlyCount "61"]
[EventDate "2011.08.19"]
[EventType "swiss"]
[EventRounds "10"]
[EventCountry "ESP"]
[Source "lmi"]
[SourceDate "2011.08.19"]

1. Nf3 d5 2. c4 c6 3. e3 Nf6 4. Nc3 e6 5. d4 Nbd7 6. Bd3 dxc4 7. Bxc4 b5 8. Bd3
Bd6 9. Ng5 Bb7 10. Qf3 a6 11. Bd2 h6 12. Nge4 Be7 13. O-O Qb8 14. Nxf6+ Nxf6
15. Ne4 c5 16. Nxf6+ Bxf6 17. Be4 Bxe4 18. Qxe4 O-O 19. dxc5 Bxb2 20. Rab1 Ba3
21. c6 Qc7 22. Rb3 Rfd8 23. Rxa3 Rxd2 24. g3 a5 25. Rc1 Rad8 26. Rb3 b4 27. a3
Rd1+ 28. Rxd1 Rxd1+ 29. Kg2 Rc1 30. axb4 axb4 31. Rxb4 1/2-1/2

[Event "13. Open del Sants 2011"]
[Site "Barcelona ESP"]
[Date "2011.08.26"]
[Round "8.16"]
[White "Adhiban, B."]
[Black "Jolly, Jean-Francois"]
[Result "1-0"]
[WhiteElo "2542"]
[BlackElo "2377"]
[PlyCount "53"]
[EventDate "2011.08.19"]
[EventType "swiss"]
[EventRounds "10"]
[EventCountry "ESP"]
[Source "lmi"]
[SourceDate "2011.08.19"]

1. e4 e5 2. Nf3 Nc6 3. d4 exd4 4. Nxd4 Bc5 5. Nxc6 Qf6 6. Qf3 bxc6 7. Nd2 Qxf3
8. gxf3 g6 9. Nb3 Bf8 10. Bd2 Bg7 11. O-O-O Ne7 12. Ba5 Be5 13. Nc5 Bd6 14. Nd3
Ba6 15. e5 Bxd3 16. exd6 Bxf1 17. Rhxf1 cxd6 18. Rfe1 f5 19. Bc7 Kf7 20. Rxd6
Rad8 21. Bxd8 Rxd8 22. c4 Nc8 23. Rd3 d6 24. Kc2 Rd7 25. f4 Ne7 26. b4 d5 27.
Kc3 1-0

[Event "13. Open del Sants 2011"]
[Site "Barcelona ESP"]
[Date "2011.08.26"]
[Round "8.18"]
[White "Cruz, Filemon"]
[Black "Alonso Rosell, Alvar"]
[Result "1/2-1/2"]
[WhiteElo "2406"]
[BlackElo "2502"]
[PlyCount "66"]
[EventDate "2011.08.19"]
[EventType "swiss"]
[EventRounds "10"]
[EventCountry "ESP"]
[Source "lmi"]
[SourceDate "2011.08.19"]

1. c4 c6 2. e4 d5 3. exd5 cxd5 4. d4 Nf6 5. Nc3 Nc6 6. Bg5 Be6 7. Be2 Qa5 8. c5
Ne4 9. Bd2 Nxd2 10. Qxd2 g6 11. Bf3 Bg7 12. Nge2 O-O 13. O-O b6 14. cxb6 axb6
15. Rad1 Rfd8 16. Rfe1 Rac8 17. h4 b5 18. a3 b4 19. axb4 Qxb4 20. h5 Qc4 21.
hxg6 hxg6 22. Qg5 Bf5 23. g4 Bf6 24. Qe3 Be6 25. Kg2 Bg7 26. Rh1 Rb8 27. Rd2
Rb4 28. Qg5 Nxd4 29. Nxd4 Bxd4 30. Qxe7 Rdb8 31. Qg5 Bxc3 32. bxc3 Qxc3 33. Rd3
Qg7 1/2-1/2